00371nam a2200157Ia 45000010006000000050017000060080041000230410008000640820015000721000023000872450056001102600009001663000022001756500008001976540008002051355720260306164810.0260306t1999||||xx |||||||||||||| ||spa|| aESP a004.6bB61 aBlack, UylesseAUT 0aTecnologías emergentes para redes de computadoras c1999 a480 páginas :c aGEN aCCC